00000000nam 2200000za 4500
0019.801403
003CaOODSP
00520250505093904
007cr |||||||||||
008150407s2012||||xxca||||o    f00| 0 tgl d
040 |aCaOODSP|bfre
043 |an-cn---
0861 |aNH21-1/2012Tgl-PDF|zNH21-1/2012Tl-PDF
24500|aL'achat de votre première maison au Canada |h[ressource électronique] : |bguide à l'intention des nouveaux arrivants.
250 |a[Édition tagalog].
260 |a[Ottawa] : |bSociété canadienne d'hypothèques et de logement,|cc2012.
300 |a8 p. : |bphotographs.
546 |aTexte en tagalog.
69207|2gccst|aImmigrant
69207|2gccst|aLogement
7102 |aSociété canadienne d'hypothèques et de logement.
77508|tL'achat de votre première maison au Canada : |w(CaOODSP)9.644023
77508|tBuying your first home in Canada |w(CaOODSP)9.700118
791 |tBuying your first home in Canada |eeng|w(CaOODSP)9.801402
85640|qPDF|s454 Ko|uhttps://publications.gc.ca/collections/collection_2015/schl-cmhc/NH21-1-2012-tgl.pdf
986 |a66148